000 00353nam a2200145Ia 4500
008 191201s2003 xx 000 0 und d
082 _a658.18
_bHII
100 _aHILL,Charles W.L
245 0 _aInternational Business competing in ……..
250 _a6th Rep
260 _aN.Delhi
_bIrwin
_c2003
300 _a703
650 _aMBA
942 _2ddc
_cBK
999 _c4768
_d4768